=LDR 00000nam 2200000 4500 =001 INLIS000000000046660 =005 20150418095500.0 =006 =007 =008 =035 ##$$0010-041500000000142 =082 ##$$a 372.83 =090 ##$$a 372.83 pur b =100 ##$$a purwanto sutrisno =245 ##$$a bersahabat dengan lingkungan sosial =260 ##$$a ganeca axact =300 ##$$a hln. 95 =850 ##$$a NPBMAT =990 ##$$a 0001/BPAP-NTB/20142015